| 000 -LEADER |
| fixed length control field |
00282nam a2200121Ia 4500 |
| 008 - FIXED-LENGTH DATA ELEMENTS--GENERAL INFORMATION |
| fixed length control field |
201210s9999 xx 000 0 und d |
| 100 ## - MAIN ENTRY--PERSONAL NAME |
| Personal name |
Subramaniam, Capt. H. |
| 245 #0 - TITLE STATEMENT |
| Title |
Ship stability |
| 260 ## - PUBLICATION, DISTRIBUTION, ETC. |
| Place of publication, distribution, etc. |
Bombay |
| Name of publisher, distributor, etc. |
Vijaya Publications |
| 300 ## - PHYSICAL DESCRIPTION |
| Extent |
210 |
| 490 ## - SERIES STATEMENT |
| Volume/sequential designation |
Vol-III |
| 942 ## - ADDED ENTRY ELEMENTS (KOHA) |
| Koha item type |
Books |